Prime Ministers of Belgium by Picture - Statistics

General Stats
  • This quiz has been taken 41 times
    8 since last reset
  • The average score is 27 of 54
Answer Stats
Picture Hint Answer % Correct
2020-2025 Alexander De Croo
100%
2025-Present Bart De Wever
100%
2014-2019 Charles Michel
100%
2011-2014 Elio Di Rupo
100%
2019-2020 Sophie Wilmès
100%
1999-2008 Guy Verhofstadt
88%
2008-2009 Herman Van Rompuy
88%
1992-1999 Jean-Luc Dehaene
88%
2008 | 2009-2011 Yves Leterme
88%
1949-1950 | 1968-1973 Gaston Eyskens
75%
1981 Mark Eyskens
75%
1979-1981 | 1981-1992 Wilfried Martens
75%
1938-1939 | 1946 | 1947-1949 Paul-Henri Spaak
63%
1966-1968 | 1978-1979 Paul Vanden Boeynants
63%
1945-1946 | 1946 | 1954-1958 Achille Van Acker
50%
1974-1978 Leo Tindemans
50%
1961-1965 Théo Lefèvre
50%
1832-1834 Albert Joseph Goblet d'Alviella
38%
1925 Aloys Van de Vyvere
38%
1884-1894 Auguste Beernaert
38%
1834-1840 | 1846-1847 Barthélémy de Theux Meylandt
38%
1946-1947 Camille Huysmans
38%
1911-1918 | 1932-1934 Charles de Broqueville
38%
1847-1852 | 1857-1868 | 1871-1874 Charles Rogier
38%
1973-1974 Edmond Leburton
38%
1831 Étienne Constantin de Gerlache
38%
1831-1832 Félix de Muelenaere
38%
1908-1911 Frans Schollaert
38%
1921-1925 | 1934-1935 Georges Theunis
38%
1918 Gérard Cooreman
38%
1852-1855 Henri de Brouckère
38%
1926-1931 Henri Jaspar
38%
1920-1921 Henry Carton de Wiart
38%
1939-1945 Hubert Pierlot
38%
1841-1845 Jean-Baptiste Nothomb
38%
1950 Jean Duvieusart
38%
1952-1954 Jean Van Houtte
38%
1831 | 1840-1841 Joseph Lebeau
38%
1950-1952 Joseph Pholien
38%
1870-1871 Jules d'Anethan
38%
1894-1896 Jules de Burlet
38%
1907 Jules de Trooz
38%
1874-1878 | 1884 Jules Malou
38%
1931-1932 Jules Renkin
38%
1899 Jules Vandenpeereboom
38%
1918-1920 Léon Delacroix
38%
1896-1899 | 1899-1907 Paul de Smet de Naeyer
38%
1937-1938 Paul-Émile Janson
38%
1935-1937 Paul van Zeeland
38%
1855-1857 Pierre de Decker
38%
1965-1966 Pierre Harmel
38%
1925-1926 Prosper Poullet
38%
1845-1846 Sylvain Van de Weyer
38%
1868-1870 | 1878-1884 Walthère Frère-Orban
38%
No matching quizzes found
Score Distribution
Percent of People with Each Score
Percentile by Number Answered
Your Score History
You have not taken this quiz since the last reset